[Event "Chesscup Rapid 2020"]
[Site "Katowice"]
[Date "2020.09.13"]
[Round "2.10"]
[White "Zabrzanska, Weronika"]
[Black "Teclaf, Pawel"]
[Result "0-1"]
[WhiteElo "1830"]
[BlackElo "2464"]
[Annotator "TA"]
[PlyCount "142"]
[EventDate "2020.09.12"]
[EventType "swiss"]
[EventCountry "POL"]
[SourceTitle "playchess.com"]
[Source "ChessBase"]
[SourceQuality "1"]

{[%evp 15,142,16,39,0,0,0,0,4,4,0,8,3,7,8,6,5,13,-6,-12,-10,0,0,0,0,0,-8,0,-15,21,-21,-18,-24,-14,-16,-18,-29,-29,-35,-20,-30,-18,-23,-14,-26,-16,-21,0,0,0,0,-4,-5,-5,-10,0,-21,-11,-11,0,-17,-20,-15,-6,-74,-64,-1422,0,-318,0,0,0,0,0,0,0,0,2,2,8,8,8,0,0,0,0,0,0,0,0,0,0,0,0,0,0,0,0,0,0,0,0,-29966,-29965,-29967,-29969,-29968,-29970,-29971,-29972,-29972,-29973,-29976,-29976,-29976,-29977,-29977,-29978,-29978,-29979,-29979,-29980,-29980,-29980,-29982,-29983,-29983,-29984,-29984,-29984]} 1. e4 d6 2. d4 Nf6 3. Nc3 c6 4. Nf3 Bg4 5. Be2 e6 6. O-O Be7 7. h3 Bh5 8. Be3 O-O {was the old line (8...d5).} 9. e5 {B07: Pirc Defence: Miscellaneous Systems.} Nd5 10. Nxd5 cxd5 11. c3 {The position is equal.} Nc6 12. exd6 {[#]} Qxd6 $146 ({Predecessor:} 12... Bxd6 13. Ne5 Bxe2 14. Qxe2 Qc7 15. f4 Rfe8 16. Rae1 f6 17. Nd3 Qf7 18. Qf3 Ne7 19. Bf2 b6 20. Qe2 Ng6 21. Qf3 Ne7 22. Qe2 Ng6 23. Qf3 {½-½ (23) Brazdil,R (2170)-Knazovcik,L (2302) Czechia 2010}) 13. Qd2 a6 14. Bf4 Qd8 15. Ne5 {And now Nxc6 would win.} Bxe2 16. Nxc6 bxc6 17. Qxe2 c5 18. dxc5 Bxc5 19. Rfd1 Qb6 20. b3 Rfc8 21. Rac1 f6 22. Be3 (22. b4 {feels hotter.} Be7 23. a4 Rc4 24. Rd4 Rc6 25. Bd2) 22... Bxe3 23. Qxe3 Qxe3 24. fxe3 $11 {[%mdl 4096] Endgame KRR-KRR} Rc5 25. Rc2 Rac8 26. Rdc1 Kf7 27. Kf2 f5 28. Ke2 g5 29. c4 h5 30. Kd3 a5 31. cxd5 Rxd5+ 32. Ke2 Rcd8 33. Rc7+ Kf6 {Strongly threatening ...Rd2+.} 34. R1c2 Rd1 (34... a4 {keeps more tension.} 35. bxa4 Ra8 36. Rh7 Kg6 37. Re7 Ra6) 35. Rc8 Rxc8 36. Kxd1 {KR-KR} Rd8+ 37. Rd2 Rb8 38. Rd4 Rb4 39. Kc2 (39. g3 $11) 39... Ke5 $17 40. Kc3 $2 {[%mdl 8192]} (40. Rd3 $15) 40... Rb5 $2 ({Black should try} 40... Rxd4 $1 $19 41. exd4+ Kd5) 41. a4 $2 {[%mdl 8192]} (41. Kc4 $11 {and White has nothing to worry.} Rb4+ 42. Kc5) 41... Rb8 $2 ({Better is} 41... Rc5+ $1 $19 42. Kd2 Rd5) 42. b4 $11 axb4+ 43. Rxb4 Ra8 44. Kd3 g4 45. hxg4 hxg4 46. Rb5+ Kd6 47. a5 e5 48. Rb6+ Kc7 49. Rf6 e4+ 50. Kd4 Rxa5 51. Rf7+ Kd6 52. Rf6+ Ke7 53. Rb6 Kf7 54. g3 Ra3 55. Ke5 Rxe3 {White must now prevent ...Rf3.} 56. Kxf5 Rxg3 57. Kxe4 Rf3 58. Rb1 $2 {[%mdl 8192]} (58. Rh6 $11) 58... Kg6 {Black mates.} 59. Rg1 Kg5 60. Rh1 Rf8 61. Ke3 {[#]} g3 $1 62. Ke2 Kg4 63. Rg1 Kh3 64. Rh1+ Kg2 65. Rh6 Re8+ 66. Kd3 Kg1 67. Kd2 g2 68. Kd3 Re5 69. Kd2 Kf2 70. Rf6+ {[#]} Kg3 $1 71. Rg6+ Kf3 {Accuracy: White = 84%, Black = 94%.} 0-1

[Event "Chesscup Rapid 2020"]
[Site "Katowice"]
[Date "2020.09.13"]
[Round "3.1"]
[White "Socko, Bartosz"]
[Black "Barski, Radoslaw"]
[Result "1-0"]
[WhiteElo "2601"]
[BlackElo "2446"]
[Annotator "TA"]
[PlyCount "93"]
[EventDate "2020.09.12"]
[EventType "swiss"]
[EventCountry "POL"]
[SourceTitle "playchess.com"]
[Source "ChessBase"]
[SourceQuality "1"]

{[%evp 20,93,22,33,51,0,82,56,45,36,106,97,70,31,44,-51,-60,-48,-56,-52,-68,-63,-72,-59,0,0,14,0,26,19,25,23,24,14,14,0,0,-7,2,2,14,14,14,-7,-2,-4,76,12,73,80,178,186,166,108,109,118,212,208,283,270,268,261,255,254,314,310,377,377,389,373,687,666,911,903,757,500]} 1. g3 Nf6 2. Bg2 g6 3. d4 Bg7 4. e4 d6 5. Nc3 O-O 6. Nge2 Nbd7 7. h3 e5 8. Be3 c6 9. a4 Re8 10. O-O exd4 11. Bxd4 {[#]} h5 $146 {B07: Pirc Defence: Miscellaneous Systems.} ({Predecessor:} 11... b6 12. g4 Nc5 13. Ng3 Ba6 14. Re1 Ne6 15. Be3 Qc7 16. g5 Nd7 17. Qd2 f6 18. gxf6 Nxf6 19. Rad1 {0-1 (67) Pavlov,M (2486)-Kovalev,V (2629) Sochi 2017}) 12. Qd2 (12. a5 $14) 12... c5 (12... Nc5 $11) 13. Bxf6 Nxf6 {White is slightly better.} 14. Rad1 Bf8 {[#]} (14... d5 $14) 15. f4 $1 $16 Qe7 16. Kh2 Bd7 17. e5 ({White should try} 17. b3 $14) 17... dxe5 $15 18. fxe5 Qxe5 {[#]} 19. Rxf6 $1 {[%mdl 576] Remove Defender} Qxf6 20. Qxd7 Rad8 21. Qb5 h4 (21... a6 $1 $15 22. Rxd8 axb5 23. Rxe8 b4) 22. Rf1 $11 hxg3+ 23. Nxg3 Qe5 24. Bd5 Re7 25. Qc4 {[%cal Rd5f7]} Kg7 26. Kg2 f5 27. Rf2 ({But not} 27. Qxc5 $2 Rc7 $19) 27... Red7 {[%cal Rd7d5]} 28. Re2 $132 {[%mdl 2048] White has counterplay} Qd4 {[%cal Rd7d5]} 29. Be6 Qxc4 30. Bxc4 Rd2 31. Kf3 Rxe2 32. Ngxe2 g5 (32... Rd2 $11) 33. Ng3 (33. Bd3 $16) 33... Kf6 (33... g4+ $1 $11 {keeps the balance.} 34. hxg4 fxg4+ 35. Ke3 Kf6) 34. Bd3 $16 c4 (34... Rd4 $16 {is a better defense.}) 35. Bxf5 $18 Ke5 36. Be4 (36. Nce4 $18) 36... b6 $16 37. Nb5 Bc5 (37... a5 $16 38. Na7 Rd1) 38. Nxa7 $18 {aiming for Nc6+.} Rf8+ 39. Nf5 Kf6 40. Nc6 Rh8 41. Kg4 Re8 42. Bd5 Re1 43. Ng3 Rg1 {And now ...Bd6 would win.} 44. Kf3 Rc1 $2 (44... c3) 45. Ne4+ {White is clearly winning.} Kf5 46. Nxc5 bxc5 47. Bxc4 {Accuracy: White = 74%, Black = 52%.} 1-0

[Event "Chesscup Rapid 2020"]
[Site "Katowice"]
[Date "2020.09.13"]
[Round "3.2"]
[White "Kos, Pawel"]
[Black "Piorun, Kacper"]
[Result "0-1"]
[WhiteElo "2234"]
[BlackElo "2596"]
[Annotator "TA"]
[PlyCount "88"]
[EventDate "2020.09.12"]
[EventType "swiss"]
[EventCountry "POL"]
[SourceTitle "playchess.com"]
[Source "ChessBase"]
[SourceQuality "1"]

{[%evp 9,88,25,29,20,27,18,29,24,29,0,0,-42,-16,-91,-97,-87,-95,-88,-89,-108,-32,-33,-28,-52,-31,-61,-59,-353,-345,-353,-345,-340,-332,-346,-344,-333,-335,-332,-313,-335,-322,-346,-335,-345,-336,-364,-356,-408,-408,-486,-494,-641,-618,-632,-604,-639,-640,-621,-613,-660,-650,-652,-603,-786,-779,-772,-749,-966,-948,-900,-781,-1038,-951,-1095,-1067,-1112,-1030,-1086,-945,-917,-817]} 1. Nf3 d5 2. g3 Nc6 3. d4 Bg4 4. Bg2 Qd7 5. h3 Bh5 {[#]} 6. a3 $146 {D02: 1 d4 d5 2 Nf3 sidelines, including 2...Nf6 3 g3 and 2...Nf6 3 Bf4.} ({Predecessor:} 6. O-O O-O-O 7. Nbd2 f6 8. c4 dxc4 9. Nxc4 Kb8 10. Qb3 Bf7 11. Bd2 Bd5 12. Rac1 e6 13. e4 Bxc4 14. Qxc4 {1-0 (47) Sharafiev,A (2432)-Alekseenko,K (2594) chess.com INT 2018}) 6... e6 7. b4 Bd6 8. Nbd2 {White has an edge.} Nf6 9. c4 Bxf3 10. exf3 dxc4 11. O-O (11. Nxc4 $11 a5 12. bxa5) 11... b5 ({Don't play} 11... Nxd4 $6 12. Nxc4 Nf5 13. Bb2 $11) 12. a4 Nxb4 {White must now prevent ...Nfd5.} 13. axb5 Qxb5 14. f4 c6 (14... Rb8 $17 {Hoping for ...0-0.} 15. Ne4 Nxe4 16. Bxe4 O-O 17. Rxa7 c3) 15. Qe2 $15 O-O {And now ...c3 would win.} 16. Qxc4 Nfd5 17. Qb3 a5 $36 {[%mdl 2048] Black has good play.} 18. Nc4 $2 {[%mdl 8192] [#] This move loses the game for White.} (18. Ba3 $15) 18... a4 $19 19. Rxa4 Qxa4 20. Qxa4 Rxa4 21. Nxd6 Nc2 22. f5 Nxd4 23. fxe6 Nxe6 24. Bb2 Rd8 25. Nf5 Ra2 26. Ba1 f6 27. Re1 Kf7 28. h4 h5 29. Rc1 g6 {Black is clearly winning.} 30. Nd4 {[#]} Rxa1 $1 {[%mdl 64] Remove Defender} 31. Rxa1 {Bxd5 is the strong threat.} Nxd4 32. Ra4 c5 33. Ra5 Ne6 34. Ra7+ Ne7 35. Bf1 Rd4 36. Bh3 f5 37. Bf1 Kf6 38. Bb5 Nc8 39. Ra6 Ke7 40. Be8 Nc7 41. Rc6 Nxe8 42. Rxc8 Rd5 43. Rc6 Nd6 44. Rc7+ Ke6 {Accuracy: White = 54%, Black = 92%.} 0-1

[Event "Chesscup Rapid 2020"]
[Site "Katowice"]
[Date "2020.09.13"]
[Round "3.3"]
[White "Miton, Kamil"]
[Black "Tsatsalashvili, Keti"]
[Result "1-0"]
[WhiteElo "2590"]
[BlackElo "2331"]
[Annotator "TA"]
[PlyCount "81"]
[EventDate "2020.09.12"]
[EventType "swiss"]
[EventCountry "POL"]
[SourceTitle "playchess.com"]
[Source "ChessBase"]
[SourceQuality "1"]

{[%evp 9,81,19,36,31,43,37,39,25,44,42,39,-13,-10,-13,15,3,76,75,62,61,66,77,67,74,108,106,104,93,144,147,172,162,181,162,163,163,168,176,159,99,91,0,146,91,182,175,211,203,183,177,241,234,431,425,479,430,500,492,532,526,620,349,332,336,678,673,647,600,860,810,1493,1192,29989,1182]} 1. d4 Nf6 2. c4 e6 3. g3 Bb4+ 4. Bd2 Bxd2+ 5. Qxd2 d6 6. Bg2 {E00: Catalan Bogo-Indian (3 g3 Bb4+).} Nbd7 7. Nc3 O-O 8. e3 {White is slightly better.} e5 9. Nge2 c6 {[#]} 10. b4 $146 (10. b3 $14) ({Predecessor:} 10. O-O Qe7 11. b4 Nb6 12. c5 dxc5 13. bxc5 Nbd5 14. Nxd5 Nxd5 15. Bxd5 cxd5 16. dxe5 Qxe5 {1-0 (64) Voit,D (2407)-Gevorgyan,D (2324) Moscow 2017}) 10... a5 11. b5 Qc7 12. Rc1 Rd8 {[#]} (12... Nb6 $11 {keeps the balance.}) 13. bxc6 $1 $16 bxc6 14. Nb5 $1 $36 {[%cal Rb5c7][%mdl 2048] White has some pressure.} cxb5 15. Bxa8 bxc4 {And now ...d5 would win.} 16. Bg2 e4 17. O-O d5 18. Rb1 Ba6 (18... Bb7 $142) 19. Nc3 Qc6 20. Rb2 h5 21. h3 g6 22. Rfb1 Rc8 23. Qc2 Kg7 24. Rc1 (24. h4 $142) 24... Nb6 25. Rcb1 (25. Qd1 $16) 25... Nfd7 {White stays focused until the end.} (25... Nbd7 $11) 26. Bf1 (26. h4 $142) 26... f5 (26... Qd6 $16) 27. h4 $18 Re8 28. Qd2 Rc8 29. Rc2 Rc7 (29... Kf7 $142 30. Ne2 a4) 30. Ne2 a4 $2 (30... Ra7 31. Qxa5 Ra8) 31. Qa5 Bc8 32. Nc3 Rb7 33. Rcb2 Rb8 34. Rb5 Kh6 35. Qb4 Ba6 36. Ra5 Na8 $2 (36... Nc8) 37. Qe7 {Hoping for Rxb8.} Rxb1 38. Nxb1 Nc7 39. Nc3 Nb6 {[#]} 40. Rc5 $1 Qe6 41. Rxc7 {Accuracy: White = 77%, Black = 38%.} (41. Qf8+ $142 Kh7 42. Rxc7+ Nd7 43. Nxa4 Bc8 44. Nc5 Qc6 45. Qf7+ {[%mdl 64] Double Attack} Kh6 46. Rxc6 Nf8 47. Qxf8+ {[%mdl 64] Double Attack} Kh7 {[#]} 48. Qf7+ $1 {[%mdl 576] Double Attack} Kh8 49. Rxc8#) 1-0

[Event "Chesscup Rapid 2020"]
[Site "Katowice"]
[Date "2020.09.13"]
[Round "3.4"]
[White "Janik, Igor"]
[Black "Dors, Ryszard"]
[Result "1-0"]
[WhiteElo "2470"]
[BlackElo "2179"]
[Annotator "TA"]
[PlyCount "101"]
[EventDate "2020.09.12"]
[EventType "swiss"]
[EventCountry "POL"]
[SourceTitle "playchess.com"]
[Source "ChessBase"]
[SourceQuality "1"]

{[%evp 24,100,41,45,40,14,69,-14,-9,0,39,17,20,19,21,0,0,0,0,0,0,-3,0,2,8,-8,0,0,0,0,0,0,0,-58,-62,-181,-157,-159,142,137,148,106,610,605,902,900,705,190,162,75,125,140,149,148,147,139,118,119,184,135,148,153,216,0,0,0,362,310,1180,616,931,206,194,134,134,138,1010,439,29999]} 1. d4 Nf6 2. c4 c5 3. d5 b5 4. cxb5 a6 5. e3 g6 6. Nc3 Bg7 7. a4 O-O 8. Nf3 d6 9. Be2 axb5 10. Bxb5 Ba6 11. O-O Bxb5 12. Nxb5 Na6 13. Nc3 Qb6 {A57: Benko/Volga Gambit.} 14. Nd2 {[#]} Nb4 $146 (14... Nd7 $11) ({Predecessor:} 14... Rfb8 15. Nc4 Qb3 16. Qe2 Nb4 17. Rd1 Nc2 18. Rb1 Nd7 19. Nd2 Qb7 20. Nde4 Nb4 21. Ng5 h6 {½-½ (30) Jakobsen,O (2372)-Lilleoren,M (2065) Gibraltar 2008}) 15. Nc4 (15. e4 $1 $14) 15... Qa6 $11 {The position is equal.} 16. Na3 Rfc8 17. Nab5 c4 18. e4 Nd3 19. Ra2 Nxc1 20. Qxc1 Nd7 21. Qe3 Nc5 22. Nd4 Nd3 23. Nc6 Rc7 24. Nb5 Rb7 25. Nbd4 e6 26. h4 (26. dxe6 $2 fxe6 27. Qg5 Kh8 $19) 26... Re8 27. Qg3 Be5 28. Nxe5 (28. Qf3 $11) 28... dxe5 $15 29. Nc6 (29. Ne2 $15) 29... exd5 $1 $19 30. exd5 Nxb2 $2 (30... Nf4 $1 $17 {[%cal Rf4e2] stays on course. White must now prevent ...Ne2+.} 31. Qf3 Rb3 {[%mdl 64] Decoy}) 31. h5 $1 $16 Nd3 32. Qg5 {aiming for Qf6.} Rb6 $2 {[%mdl 8192]} (32... h6 $16 33. Qxh6 Nf4) 33. Qf6 $18 {Threatening mate with h6.} Nf4 {...c3 is the strong threat.} 34. h6 {[%csl Gh6][%cal Rf6g7]} Nh5 35. Qh4 $2 (35. Ne7+ Rxe7 36. Qxe7) 35... f5 36. Ne7+ (36. a5 $18 {and White stays clearly on top.} Rb7 37. Rc2) 36... Kf7 37. Nxf5 $1 $40 {[%mdl 128] White wants a kill.} Nf4 38. Ne3 $1 c3 39. g3 Rb2 40. Raa1 ({Much weaker is} 40. gxf4 $6 Rxa2 41. fxe5 Rxe5 $15) (40. Rxb2 $6 cxb2 41. gxf4 Qxf1+ 42. Nxf1 b1=Q $11) 40... Nd3 (40... Ne2+ $16 41. Kg2 Nd4) 41. Qe4 {Hoping for d6!} Rb4 42. Qf3+ Kg8 {[#]} (42... Qf6 $16 43. Qxf6+ Kxf6) 43. Rad1 $2 ({White should play} 43. d6 $1 $18 {[%mdl 512]} Qxd6 44. Nd5 {[%mdl 64] Double Attack}) 43... e4 $11 ({Wrong is} 43... Rxa4 $2 44. d6 $1 $18 {[%mdl 512]}) 44. Qg4 Re7 $2 {[%mdl 8192] [#]} (44... Qc8 $11 {and Black stays safe.}) 45. d6 $1 {[%mdl 512]} Rf7 $2 (45... Qxd6 46. Nf5 {[%mdl 64] Double Attack} (46. Qc8+ Kf7 $16) 46... Qe6 {[%mdl 64] Pin} 47. Nxe7+ Kf7 48. Qxe6+ Kxe6) 46. Nd5 Rd4 {[#]} 47. Nxc3 $2 (47. Qe6 $1 Rxd5 48. Qxd5) 47... Qxd6 $18 {[#]} 48. Nxe4 ({White should try} 48. Nb5 $1 $18 {[%cal Rb5d6]} Qd7 49. Qxd7 Rdxd7 50. a5) 48... Qc6 $16 49. Qe2 Rfd7 $2 {[%mdl 8192]} (49... Rxe4 $16 50. Qxd3 Rxa4 51. Qd8+ Rf8) 50. Nd2 (50. Ng5 $142 {[%cal Re2e8]} Qf6 51. Qe8+ Qf8 52. Qxf8+ Kxf8 53. Ne6+ {[%mdl 64] Double Attack} Ke8 54. Nxd4 Rxd4 55. a5) 50... Nb2 (50... Rd8 $18 51. Nf3 R4d5) 51. Qe8# {Accuracy: White = 48%, Black = 49%.} 1-0

[Event "Chesscup Rapid 2020"]
[Site "Katowice"]
[Date "2020.09.13"]
[Round "3.5"]
[White "Zgadzaj, Rafal"]
[Black "Klekowski, Maciej"]
[Result "0-1"]
[WhiteElo "2083"]
[BlackElo "2511"]
[Annotator "TA"]
[PlyCount "84"]
[EventDate "2020.09.12"]
[EventType "swiss"]
[EventCountry "POL"]
[SourceTitle "playchess.com"]
[Source "ChessBase"]
[SourceQuality "1"]

{[%evp 14,84,10,6,8,4,44,44,44,38,55,47,49,0,0,-1,0,-5,-5,-4,-7,-10,-8,-10,30,-22,-32,-57,-50,-60,-48,-156,-143,-189,-184,-181,-175,-177,-198,-463,-357,-316,-264,-255,-243,-316,-337,-322,-312,-357,-356,-358,-362,-1896,-1891,-1797,-1792,-1700,-1688,-1644,-1556,-29983,-29983,-29984,-29985,-29986,-29985,-29987,-29986,-29986,-29987,-29987,-29988]} 1. c4 f5 2. Nc3 Nf6 3. g3 g6 4. Bg2 Bg7 5. Nf3 O-O 6. O-O d6 7. b4 e5 8. d3 a5 {A21: English Opening: 1...e5 2 Nc3.} 9. b5 h6 10. Qc2 Nbd7 {White is slightly better.} 11. Rb1 g5 12. Ba3 Rb8 13. Nd5 b6 14. Nd2 {[#]} Bb7 $146 ({Predecessor:} 14... Nc5 15. Rbc1 Be6 16. Nxf6+ Qxf6 17. Bxc5 dxc5 18. Nb1 g4 19. Nc3 Rf7 20. Nd5 Qg5 {0-1 (48) Laino Alvarez,M (1902)-Hernandez Leon,A (2243) Santa Cruz de Tenerife 2011}) 15. Nxf6+ Qxf6 16. Bxb7 Rxb7 17. f3 h5 18. e4 Qe6 19. Kg2 (19. exf5 $142 Rxf5 20. Ne4) 19... f4 $11 20. Rbe1 Rbb8 21. Qd1 g4 22. Qe2 {White is on the road to losing.} (22. Rg1 $1 $15) 22... Rf7 $17 23. Bb2 {[#]} Bh6 $1 24. d4 Rbf8 25. gxf4 Bxf4 ({Don't play} 25... gxf3+ 26. Nxf3 Rxf4 27. dxe5 $15) 26. fxg4 $2 (26. dxe5 {keeps fighting.} Bxd2 27. Qxd2 gxf3+ 28. Kh1 Nxe5 29. Qg5+ Rg7 30. Qxh5) 26... hxg4 27. Kh1 Bxd2 28. Rxf7 Bxe1 ({Not} 28... Kxf7 29. Qxd2 Ke8 30. dxe5 $17) 29. Rxf8+ Kxf8 30. Qxe1 Qxc4 31. Qf2+ Ke8 32. Qf5 Qxa2 {Hoping for ...Qb1+.} 33. d5 $2 (33. Qh5+ Kd8 34. Qh8+ Ke7 35. Qh7+ Qf7 36. Qh4+ Qf6 37. Qh7+ Ke8 38. Qh5+ Ke7 39. Kg1) 33... Qb1+ $19 34. Kg2 Qxb2+ {[%mdl 64] [#] Double Attack} 35. Kg3 Qb3+ 36. Kxg4 Qd1+ 37. Kg5 Qg1+ {Black mates.} 38. Kh6 Qxh2+ 39. Kg7 Qg3+ 40. Kh6 Qh4+ 41. Kg7 Qe7+ 42. Kh6 Qf8+ {Accuracy: White = 53%, Black = 86%.} 0-1

[Event "Chesscup Rapid 2020"]
[Site "Katowice"]
[Date "2020.09.13"]
[Round "3.7"]
[White "Szwaj, Jacek"]
[Black "Krasenkow, Michal"]
[Result "0-1"]
[WhiteElo "1953"]
[BlackElo "2605"]
[Annotator "TA"]
[PlyCount "66"]
[EventDate "2020.09.12"]
[EventType "swiss"]
[EventCountry "POL"]
[SourceTitle "playchess.com"]
[Source "ChessBase"]
[SourceQuality "1"]

{[%evp 9,66,27,27,30,33,31,26,-7,-2,1,7,0,16,9,2,7,20,8,51,-61,14,7,5,-77,-74,-85,-78,-117,-80,-112,-117,-118,-124,-108,-89,-134,-137,-272,-271,-258,-151,-225,-226,-347,-354,-342,-323,-587,-600,-605,-598,-708,-679,-660,-647,-643,-632,-605,-597]} 1. e4 d6 2. d4 Nf6 3. Nc3 c6 4. Be2 e5 5. dxe5 dxe5 6. Qxd8+ {B07: Pirc Defence: Miscellaneous Systems.} Kxd8 {[#]} 7. Be3 $146 ({Predecessor:} 7. Bg5 Be6 8. O-O-O+ Kc7 9. Nf3 Nfd7 10. a3 f6 11. Bh4 a5 12. Bg3 b5 13. Nd4 {1-0 (32) Reinwald,P (2137)-Janisch,R (2101) Austria 2016}) 7... Bb4 8. O-O-O+ {White has an edge.} Ke7 9. f3 Be6 10. a3 Bxc3 11. Bc5+ Ke8 {Threatens to win with ...Nbd7.} 12. bxc3 Nfd7 13. Bd6 f6 14. c4 (14. f4 $1 $14) 14... Nb6 (14... c5 $15) 15. c5 Na4 $36 {[%mdl 2048] Black fights for an advantage.} 16. Nh3 (16. f4 $1 $11 {remains equal.}) 16... Nd7 $17 17. Nf2 Ndxc5 18. Nd3 Nd7 19. Nb2 Nc3 {[%mdl 64] Double Attack} 20. Rd2 Nxe2+ 21. Rxe2 c5 22. Na4 Rc8 23. Nc3 (23. Rd2 $17) 23... Rc6 24. Rd1 {[#]} Kf7 (24... Nb6 $1 $19 25. Red2 Nc4) 25. h3 {[#]} (25. Rf2 $17) 25... g5 $1 $19 26. Red2 (26. g3 $142) 26... Nb6 27. a4 Rd8 {Strongly threatening ...Nc4.} 28. Nb5 $2 (28. Rd3) 28... Nc4 {Black is clearly winning.} 29. Rd3 {If White can now play Bc7 this consolidates a bit.} a6 30. Bc7 Rxd3 31. cxd3 axb5 32. dxc4 Rxc7 33. cxb5 Bb3 {Accuracy: White = 35%, Black = 76%.} 0-1

[Event "Chesscup Rapid 2020"]
[Site "Katowice"]
[Date "2020.09.13"]
[Round "3.8"]
[White "Golubka, Petro"]
[Black "Krasenkova, Ilena"]
[Result "1-0"]
[WhiteElo "2488"]
[BlackElo "2178"]
[Annotator "TA"]
[PlyCount "107"]
[EventDate "2020.09.12"]
[EventType "swiss"]
[EventCountry "POL"]
[SourceTitle "playchess.com"]
[Source "ChessBase"]
[SourceQuality "1"]

{[%evp 9,107,22,33,33,53,54,67,49,55,51,52,58,65,69,52,62,62,66,64,59,117,97,103,95,83,75,103,83,112,104,114,85,856,843,933,933,946,745,766,754,784,737,808,809,923,853,866,829,840,837,814,767,854,860,930,924,946,943,926,947,943,944,929,909,1081,1064,1104,1059,1310,1229,1268,1225,1317,1166,1097,0,1340,1285,2024,1999,29977,29978,29978,29979,29978,29976,29982,29981,29981,29982,29982,29983,29986,29984,29987,29988,29988,29989,29992,29993]} 1. e4 g6 2. h4 h5 3. d4 Bg7 4. c3 d6 5. Bg5 c6 {[#]} 6. Nd2 $146 {B06: Modern Defence.} ({Predecessor:} 6. Bd3 Qc7 7. Nd2 e5 8. Ne2 Nh6 9. f3 Nd7 10. Qc2 Rb8 11. a4 b6 12. Nc4 {0-1 (58) Kashtanov,R (2316)-Hayrapetyan,H (2426) St Petersburg 2014}) 6... Qb6 7. Qc2 a5 8. a4 {White is slightly better.} Nf6 9. Bd3 e5 10. Ngf3 Ng4 11. Nc4 Qc7 12. dxe5 dxe5 13. b4 axb4 14. cxb4 b5 {[#]} (14... Na6 $14) 15. Na5 $1 $36 {[%mdl 2048] Black is under strong pressure.} bxa4 16. O-O O-O 17. Rfc1 f6 18. Bd2 Bd7 19. Rxa4 Kh7 20. Raa1 Qd6 $2 {[%mdl 8192]} (20... Qb6 $16) 21. Nc4 $18 {[%mdl 64] Discovered Attack} Rxa1 22. Nxd6 Ra3 23. Nc4 Ra7 24. Nh2 Nh6 25. Nf1 Nf7 26. Be3 Rb7 27. Na5 Rc7 28. Bc5 Re8 29. Ne3 Bh6 30. g3 Be6 31. Bc4 Bxc4 32. Qxc4 Rd7 33. Kg2 Kg7 34. Rc2 Bxe3 35. Bxe3 Nd6 36. Qd3 Nb5 37. Qf1 Nd4 38. Rc4 Re6 39. Bxd4 exd4 40. Qd3 Red6 41. Rc5 Re7 42. Rc4 Red7 43. Nb3 Na6 44. Nc5 Nxc5 45. bxc5 {White mates.} Re6 46. Rxd4 Rde7 47. Rd7 Rxe4 48. Rxe7+ Rxe7 {[%mdl 4096] Endgame [#] KQ-KR} 49. Qd6 $1 Kf7 50. Qxc6 Re6 {[#]} 51. Qb6 $1 Ke7 (51... Rxb6 52. cxb6) 52. Qb7+ Ke8 53. c6 Re7 54. c7 {Black did not feel at home in the position after the opening. Accuracy: White = 93%, Black = 58%.} 1-0